Bilecik Bilecik Bilecik Bilecik Bilecik

Dünden bugüne hanım hattatlar = (Record no. 66207)

MARC details
000 -BAŞLIK
Sabit Uzunluktaki Kontrol Alanı 01479nam a22004217a 4500
001 - KONTROL NUMARASI
Control Dosyası 0065861
003 - KONTROL NUMARASI KİMLİĞİ
Kontrol Alanı KOHA_MİRAKIL
005 - EN SON İŞLEM TARİHİ ve ZAMANI
Kontrol Alanı 20260207004616.0
007 - FİZİKSEL TANIM SABİT ALAN - GENEL BİLGİ
Sabit uzunluklu kontrol alanı ta
008 - SABİT UZUNLUKTAKİ VERİ ÖGELERİ - GENEL BİLGİ
Sabit Alan 201020b2010 tu a|||gr||||#0|||0|tur |
020 ## - ISBN - ULUSLARARASI STANDART KİTAP NUMARASI
Isbn 9786055592516
040 ## - KATALOGLAMA KAYNAĞI
Özgün Kataloglama Kurumu TR-BiSEU
Kataloglama Dili tur
Çeviri Kurumu TR-BiSEU
Açıklama Kuralları rda
041 0# - DİL KODU
Metin ya da ses kaydının dil kodu tur
-- eng
044 ## - YAYINLAYAN/ÜRETEN KURULUŞUN ÜLKE KODU
ISO country code tu
050 ## - SINIFLAMA ve YER NUMARASI
Sınıflama Numarası NK3636.5
Yer Numarası .K39 2010
100 1# - KİŞİ ADI
Yazar Adı (Kişi adı) Kazan, Hilal.
240 10 - TEK BİÇİM BAŞLIK
Tekbiçim Başlık <a href="Female calligraphers past & present">Female calligraphers past & present</a>
Language of a work Türkçe
245 1# - ESER ADI BİLDİRİMİ
Başlık Dünden bugüne hanım hattatlar =
Alt Eseradı vb. Female calligraphers past & present/
Sorumluluk Bildirimi Hilal Kazan ; Hilal Kazan.
264 #1 - ÜRERİM, YAYIN, DAĞITIM ve TELİF BİLDİRİMİ
Yayın yeri İstanbul :
Yayınlayan İstanbul Büyükşehir Belediyesi Kültür A.Ş.
Yayın tarihi 2010
300 ## - FİZİKSEL TANIMLAMA
Sayfa, Cilt vb. 229, [10] sayfa :
Diğer fiziki detaylar resim, fotoğraf ;
Boyutları 33 cm.
336 ## - İÇERİK TÜRÜ
Content type term metin
Content type code txt
Source rdacontent
337 ## - MEDYA TÜRÜ
Media type term aracısız
Media type code n
Source rdamedia
338 ## - TAŞIYICI TÜRÜ
Carrier type term cilt
Carrier type code nc
Source rdacarrier
490 1# - DİZİ BİLDİRİMİ
Dizi Bildirimi İstanbul Büyükşehir Belediyesi Kültür A.
490 1# - DİZİ BİLDİRİMİ
Dizi Bildirimi Ş.
490 1# - DİZİ BİLDİRİMİ
Dizi Bildirimi Geleneksel Sanatlar serisi ;
Cilt Numarası 6.
500 ## - GENEL NOT
Genel Not Kaynakça ve dizin var.
650 #0 - KONU BAŞLIĞI EK GİRİŞ - KONU TERİMİ
Konusal terim veya coğrafi ad Kaligrafi, Türk.
9 (RLIN) 123772
650 #0 - KONU BAŞLIĞI EK GİRİŞ - KONU TERİMİ
Konusal terim veya coğrafi ad İslami kaligrafi--Türkiye.
9 (RLIN) 123773
650 #0 - KONU BAŞLIĞI EK GİRİŞ - KONU TERİMİ
Konusal terim veya coğrafi ad İslami kaligrafi--Tarih.
9 (RLIN) 123774
650 #0 - KONU BAŞLIĞI EK GİRİŞ - KONU TERİMİ
Konusal terim veya coğrafi ad Kadın hattatlar--İslam ülkeleri--Biyografi.
9 (RLIN) 123775
650 #0 - KONU BAŞLIĞI EK GİRİŞ - KONU TERİMİ
Konusal terim veya coğrafi ad Hat, Arapça--Tarih.
9 (RLIN) 123776
830 1# - SERİ EK GİRİŞİ - TEKBİÇİM ESER ADI
Tekbiçim Başlık İstanbul Büyükşehir Belediyesi Kültür A.
9 (RLIN) 123777
830 1# - SERİ EK GİRİŞİ - TEKBİÇİM ESER ADI
Tekbiçim Başlık Ş.
9 (RLIN) 1974
830 1# - SERİ EK GİRİŞİ - TEKBİÇİM ESER ADI
Tekbiçim Başlık Geleneksel Sanatlar serisi ;
Volume number/sequential designation 6.
9 (RLIN) 123778
907 ## - LOCAL DATA ELEMENT G, LDG (RLIN)
a Güzel Sanatlar
942 ## - EK GİRİŞ ÖGELERİ (KOHA)
Source of classification or shelving scheme Library of Congress Classification
Koha item type Book
Holdings
Materyal Türü Kalıcı Konum Mevcut Konum Raf Yeri Koleksiyon Kodu Sınıflandırma Kaynağı Edinim Bilgisi Ana Konular Alt Konular Yer Numarası Demirbaş Numarası Fatura Tarihi Geri Çekilme Durumu Kayıp Durumu Hasarlı Durumu Kredi için değil Kayıt Tarih Toplam Ödünçverme Son Görülme Tarihi Son Kontrol Tarihi Genel / Bağış Notu
Book Prof. Dr. Azmi Özcan Kütüphanesi Prof. Dr. Azmi Özcan Kütüphanesi Uluğbey Salonu Prestij Library of Congress Classification Bağış GÜZEL SANATLAR Dekoratif Sanatlar NK3636.5 .K39 2010 0065861 02/02/2026       Ödünç verilmez 20/10/2020   14/11/2025 14/11/2025 İstanbul Büyükşehir Belediyesi